Persona, comunidad y Estado / (Record no. 186840)
[ view plain ]
| 000 -LEADER | |
|---|---|
| campo de control de longitud fija | 00925nam a2200277 i 4500 |
| 001 - NÚMERO DE CONTROL | |
| campo de control | 186840 |
| 003 - IDENTIFICADOR DE NÚMERO DE CONTROL | |
| campo de control | SpMaBN |
| 005 - FECHA Y HORA DE LA ÚLTIMA TRANSACCIÓN | |
| campo de control | 20250830100258.0 |
| 008 - DATOS DE LONGITUD FIJA--INFORMACIÓN GENERAL | |
| campo de control de longitud fija | 170221s2010 sp |||| |dspa d |
| 020 ## - NÚMERO INTERNACIONAL ESTÁNDAR DEL LIBRO | |
| Número Internacional Estándar del Libro | 978-84-9920-053-8 |
| 080 ## - NÚMERO DE LA CLASIFICACIÓN DECIMAL UNIVERSAL | |
| Número de la Clasificación Decimal Universal | 364.013 |
| 080 ## - NÚMERO DE LA CLASIFICACIÓN DECIMAL UNIVERSAL | |
| Número de la Clasificación Decimal Universal | 291.16 |
| 080 ## - NÚMERO DE LA CLASIFICACIÓN DECIMAL UNIVERSAL | |
| Número de la Clasificación Decimal Universal | 282:304.4 |
| 100 1# - ENTRADA PRINCIPAL--NOMBRE DE PERSONA | |
| Nombre de persona | Blair, Tony ( |
| Fechas asociadas al nombre | 1953-) |
| 9 (RLIN) | 161844 |
| 245 10 - MENCIÓN DEL TÍTULO | |
| Título | Persona, comunidad y Estado / |
| Mención de responsabilidad, etc. | Tony Blair ; [prólogo de Giorgio Vittadini]. |
| 260 ## - PUBLICACIÓN, DISTRIBUCIÓN, ETC. | |
| Lugar de publicación, distribución, etc. | Madrid : |
| Nombre del editor, distribuidor, etc. | Encuentro, |
| Fecha de publicación, distribución, etc. | [2010] |
| 300 ## - DESCRIPCIÓN FÍSICA | |
| Extensión | 43 p. ; |
| Dimensiones | 21 cm. |
| 490 1# - MENCIÓN DE SERIE | |
| Mención de serie | Cuadernos de frontera ; |
| Designación de volumen o secuencia | 11 |
| 594 ## - Nota al título y mención de responsabilidad | |
| Nota al título y mención de responsabilidad | Recoge la conferencia pronunciada por el autor en el Meeting de Rímini 2009. |
| 650 #7 - PUNTO DE ACCESO ADICIONAL DE MATERIA--TÉRMINO DE MATERIA | |
| Término de materia o nombre geográfico como elemento de entrada | Estado social |
| Fuente del encabezamiento o término | embne |
| 9 (RLIN) | 147232 |
| 650 #7 - PUNTO DE ACCESO ADICIONAL DE MATERIA--TÉRMINO DE MATERIA | |
| Término de materia o nombre geográfico como elemento de entrada | Iglesia y problemas sociales |
| Fuente del encabezamiento o término | embne |
| 9 (RLIN) | 13569 |
| 650 07 - PUNTO DE ACCESO ADICIONAL DE MATERIA--TÉRMINO DE MATERIA | |
| Término de materia o nombre geográfico como elemento de entrada | Diálogo interreligioso. |
| 9 (RLIN) | 11858 |
| 830 0# - PUNTO DE ACCESO ADICIONAL DE SERIE-TÍTULO UNIFORME | |
| Título uniforme | Cuadernos de frontera ; |
| Designación de volumen o secuencia | 11 |
| 9 (RLIN) | 192625 |
| 852 ## - LOCALIZACIÓN | |
| Ubicación | ES-MaACL |
| Número de control de estantería | 2335-F-10 |
| Estatus retirado | Estado de pérdida | Estado de daño | No para préstamo | Colección | Biblioteca de origen | Biblioteca actual | Ubicación en estantería | Fecha de adquisición | Fuente de adquisición | Total de préstamos | Signatura topográfica completa | Código de barras | Visto por última vez | Precio de reemplazo | Tipo de ítem Koha |
|---|---|---|---|---|---|---|---|---|---|---|---|---|---|---|---|
| Colección de folletos | Biblioteca del Ateneo de Madrid | Biblioteca del Ateneo de Madrid | Depósito folletos | 21/02/2017 | 2335-F-10 | 1197080 | 23/02/2023 | 23/02/2023 | Folleto |
